000 02357nam a2200373 i 4500
001 192125
003 SpMaBN
005 20250808063556.0
008 221104s2018 sp a | |||| 000 0 spa
017 _aM 42296-2018
_bOficina Depósito Legal Madrid
020 _a978-84-92462-62-9
024 7 _a824-18-006-7
_2nipo
035 _a(OCoLC)1098176735
040 _aSpMaBN
_bspa
_cSpMaBN
_erda
080 _a091 Libro de horas de Carlos V
100 1 _aDocampo, Javier,
_d1962-2020
_eaut
_9175734
245 1 0 _aLibro de horas de Carlos V /
_ctextos, Javier Docampo, Samuel Gras
264 1 _aMadrid :
_bBiblioteca Nacional de España,
_c[2018]
300 _a73 páginas, 30 páginas sin numerar :
_bilustraciones (color) ;
_c17 cm
490 1 _aTesoros de la Biblioteca Nacional de España ;
_v01
500 _aÍndice
504 _aBibliografía: página 72
520 _aCon numerosas ilustraciones en color, presenta, describe y analiza el "Libro de horas de Carlos V", importante testimonio de la producción de manuscritos iluminados en Francia en los años finales del siglo XV y los primeros del siglo XV!. Es un libro de una riqueza iconográfica extraordinaria, tanto por la abundancia de miniaturas, más de 1.200, como por la originalidad de muchas de ellas. Destinado a una alta familia francesa, probablemente de París, logra desarrollar a lo largo de sus páginas un complejo discurso teológico que sirvió a los fieles que lo utilizaron como guía en su vida cristiana. Debió de ser empleado y admirado por el emperador Carlos V, y después de una larga y compleja historia es hoy en día una de las principales joyas de la colección de manuscritos iluminados de la Biblioteca Nacional de España
530 _aDisponible en formato digital
630 0 7 _aLibro de horas de Carlos V
_2embne
_9234951
700 1 _aGras, Samuel
_eaut
_9175735
710 2 _aBiblioteca Nacional de España
_eisb
_eedt
_9234950
830 0 _aTesoros de la Biblioteca Nacional de España ;
_v01
_9193551
852 4 _aES-MaACL
_bR. 153400
_cDEPOJ
_hDonación: Biblioteca Nacional de España
_jN-8112
_9199407
856 4 _uhttp://repositorio.dl-e.es/viewer.vm?id=592325&lang=es
_yVersión en línea
_z(Biblioteca Nacional de España)
942 _cMONOGRAFIA
_n0
999 _c192125
_d192125